000
00331 a2200157 4500
001
177667
020
_a
040
_c
Magnum
100
_a
Machado, Ana Maria
240
1
0
_a
A velha misterirosa
_l
por
245
1
0
_a
A velha misterirosa
362
0
_a
1899
440
1
_a
Salamandra
697
_a
MAGNITO: I/ANIMAIS
942
_c
BK
999
_c
177667
_d
177667